01930cas a2200433 a 450000100090000000300040000900500170001300800410003001000310007103500240010204000590012604100130018504200080019804300120020608200170021811000110023524000700024624501920031626000470050830000170055531000110057233600260058333700280060933800270063736200240066450000640068850000210075250000990077358800560087265000290092865000350095765100370099265500490102965500430107865500310112171001010115276501310125377601120138413175567OSt20230704100456.0980817c19829999cc ar l 0 0eng c a 2003202735z 88151593  a(OCoLC)ocm39704410  aLUIbengcLUIdOCLdDLCdOCLCQdOCLCFdOCLCOdYLSdOCL1 aenghchi apcc aa-cc--- a340.251bLAC1 aChina.10aLaws, etc. (Zhonghua Renmin Gongheguo fa lü hui bian).lEnglish14aThe laws of the People's Republic of China /ccompiled by the Legislative Affairs Commission of the Standing Committee of the National People's Congress of the People's Republic of China. aBeijing :bForeign Languages Press,c1987- av. ;c26 cm. aAnnual atextbtxt2rdacontent aunmediatedbn2rdamedia avolumebnc2rdacarrier0 aVol. 1 (1979/1982)- aTranslation of: Zhonghua Renmin Gongheguo fa lü hui bian. a"First edition." aPublisher varies, v. 3-7: Science Press; v. 8-10: Publishing House of Law; v. 11- : Law Press. aLatest issue consulted: Vol. 25 (2013) (surrogate). 0aLawzChinavPeriodicals. 7aLaw.2fast0(OCoLC)fst00993678 7aChina.2fast0(OCoLC)fst01206073 7aStatutes and codes2fast0(OCoLC)fst01774314 7aPeriodicals.2fast0(OCoLC)fst01411641 7aStatutes and codes.2lcgft1 aChina.bQuan guo ren min dai biao da hui.bChang wu wei yuan hui.bFa zhi gong zuo wei yuan hui.0 aChina.sLaws, etc. (Zhonghua Renmin Gongheguo fa lü hui bian).tZhonghua Renmin Gongheguo fa lü hui bianw(DLC) 9064584908iOnline version:aChina.tLaws, etc. (Zhonghua Renmin Gongheguo fa lü hui bian). Englishw(OCoLC)646867281